[Event "CAN-ch U12 Girls"]
[Site "Sault Ste Marie"]
[Date "2017.07.10"]
[Round "7.80"]
[White "Belleau, Natasha"]
[Black "Shen, Isamel"]
[Result "0-1"]
[WhiteElo "860"]
[BlackElo "1538"]
[PlyCount "32"]
[EventDate "2017.07.06"]
[EventType "swiss"]
[EventRounds "7"]
[EventCountry "CAN"]
[SourceTitle "EXT 2022"]
[Source "ChessBase"]
[SourceDate "2021.10.06"]
[SourceVersion "1"]
[SourceVersionDate "2021.10.06"]
[SourceQuality "1"]

1. e4 e5 2. c3 Nf6 3. f3 Bc5 4. d4 exd4 5. cxd4 Bb4+ 6. Bd2 Bxd2+ 7. Kxd2 d6 8. Qb3 0-0 9. e5 dxe5 10. Bd3 Qxd4 11. Ne2 Qd6 12. Nd4 Qxd4 13. Ke1 e4 14. Bc2 exf3 15. gxf3 Re8+ 16. Kf1 Bh3# 0-1